000 00257nam a2200097Ia 4500
008 231207s9999 xx 000 0 und d
082 _a370
_bRIA
100 _aPervez Hoodbhoy
245 0 _aRiyasat aur taaleem : Pakistan kay Pachas saal
260 _bMashal Books
999 _c14039
_d14039